Quantifying archaeology /

Bibliographic Details
Main Author: Shennan, Stephen
Format: Book
Language:English
Published: Edinburgh : San Diego : Edinburgh University Press ; Academic Press, [1988]
Subjects:

MARC

Tag First Indicator Second Indicator Subfields
LEADER 00000cam a2200000 a 4500
001 in00000029100
005 20151007060054.0
008 880406s1988 stka b 00110 eng d
010 |a gb 87025669  
015 |a GB87-25669 
020 |a 0852244606 (cased) :  |c £35.00 
020 |a 0852244738 (pbk) :  |c £10.00 
035 |a (OCoLC)16089169 
035 |9 AAC0019AM 
040 |a UKM  |c UKM  |d TXA  |d UtOrBLW 
049 |a TXAM  |c [A11688630] 
050 1 0 |a QA276 
050 4 |a QA276  |b .S47 1988 
082 0 |a 519.5/02493  |2 19 
100 1 |a Shennan, Stephen. 
245 1 0 |a Quantifying archaeology /  |c Stephen Shennan. 
264 1 |a Edinburgh :  |b Edinburgh University Press ;  |a San Diego :  |b Academic Press,  |c [1988] 
264 4 |c ©1988 
300 |a x, 364 pages :  |b illustrations ;  |c 22 cm. 
336 |a text  |b txt  |2 rdacontent 
337 |a unmediated  |b n  |2 rdamedia 
338 |a volume  |b nc  |2 rdacarrier 
504 |a Bibliography: pages 347-356. 
500 |a Includes index. 
650 0 |a Mathematical statistics. 
650 0 |a Archaeology  |x Statistical methods. 
999 |a MARS 
999 f f |s 7b3e33cd-bd50-3315-912b-94af28c95d50  |i 061f21d9-06da-308a-b513-62c0cf76f657  |t 0 
952 f f |p normal  |a Texas A&M University  |b College Station  |c Sterling C. Evans Library  |d Evans: Library Stacks  |t 0  |e QA276 .S47 1988  |h Library of Congress classification  |i unmediated -- volume  |m A14811688630 
998 f f |a QA276 .S47 1988  |t 0  |l Evans: Library Stacks